<?xml version="1.0" encoding="UTF-8"?>
<collection xmlns="http://www.loc.gov/MARC21/slim">
 <record>
  <leader>     na                 </leader>
  <controlfield tag="001">INLIS000000000015078</controlfield>
  <controlfield tag="005">20260127100827</controlfield>
  <datafield tag="035" ind1=" " ind2=" ">
   <subfield code="a">0010-0126000032</subfield>
  </datafield>
  <datafield tag="245" ind1="1" ind2=" ">
   <subfield code="a">Masak tanpa ribet :</subfield>
   <subfield code="b">cooking with Sheila /</subfield>
   <subfield code="c">Sheila Gondowijoyo</subfield>
  </datafield>
  <datafield tag="100" ind1="0" ind2=" ">
   <subfield code="a">Sheila Gondowijoyo</subfield>
  </datafield>
  <datafield tag="300" ind1=" " ind2=" ">
   <subfield code="a">xviii, 157 hlm.; 21 cm. :</subfield>
   <subfield code="b">Ilustrasi berwarna</subfield>
  </datafield>
  <datafield tag="700" ind1="0" ind2=" ">
   <subfield code="a">Meiana Utami, F. (editor)</subfield>
  </datafield>
  <datafield tag="260" ind1=" " ind2=" ">
   <subfield code="a">Yogyakarta :</subfield>
   <subfield code="b">Andi,</subfield>
   <subfield code="c">2020</subfield>
  </datafield>
  <datafield tag="082" ind1=" " ind2=" ">
   <subfield code="a">641.595 98</subfield>
  </datafield>
  <datafield tag="084" ind1=" " ind2=" ">
   <subfield code="a">641.595 98 SHE m</subfield>
  </datafield>
  <datafield tag="020" ind1=" " ind2=" ">
   <subfield code="a">978-623-01-0838-9</subfield>
  </datafield>
  <datafield tag="650" ind1=" " ind2=" ">
   <subfield code="a">Masakan Indonesia</subfield>
  </datafield>
  <datafield tag="520" ind1=" " ind2=" ">
   <subfield code="a">Buku ini ditulis pada saat dunia tengah berjibaku melawan Pandemik Corona dan kita harus menahan diri untuk Stay at Home serta melakukan Social Distancing. Termasuk membatasi untuk ke pasar dan menyimpan bahan makanan untuk 1-2 minggu hingga 1 bulan ke depan.&#13;
&#13;
Menginspirasi penulis untuk menghasilkan resep yang praktis dan mengamankan bahan-bahan yang tidak bertahan lama. Nah, membuat BUMBU DASAR sendiri di rumah adalah salah satu jalan keluarnya. NO Pengawet and NO MSG!!! Jadinya awet dan tidak mubazir serta pasti kepakenya. Ada juga kreasi kaldu dan minyak bawang yang praktis dan berbagai resep variasi MENU UNTUK SEBULAN menggunakan Bumbu Dasar buatan sendiri ini. Menarik kan?&#13;
&#13;
Buku ini cocok untuk semua sahabat Cooking with Sheila yang sering masak di rumah maupun untuk kalian yang tidak punya banyak waktu untuk memasak karena harus bekerja atau mempunyai seabrek aktivitas lainnya.&#13;
&#13;
Salam Anyone can Cook.</subfield>
  </datafield>
  <controlfield tag="008">260127                d          0 ind  </controlfield>
  <datafield tag="990" ind1=" " ind2=" ">
   <subfield code="a">025.4912/PC/25</subfield>
  </datafield>
  <datafield tag="990" ind1=" " ind2=" ">
   <subfield code="a">025.4913/PC/25</subfield>
  </datafield>
  <datafield tag="990" ind1=" " ind2=" ">
   <subfield code="a">025.4914/PC/25</subfield>
  </datafield>
 </record>
</collection>
